Moon Knight Characters - Statistics

General Stats
  • This quiz has been taken 315 times
    220 since last reset
  • The average score is 10 of 21
Answer Stats
Hint Answer % Correct
Mercenary Marc Spector
91%
Marc’s suit Moon Knight
90%
Gift Shop Worker Steven Grant
89%
Marc’s partner Layla El-Faouly
87%
Villain Arthur Harrow
85%
The third identity Jake Lockley
81%
Steven’s suit Mr Knight
78%
Gave Marc powers Khonshu
76%
Egyptian goddess unleashed by Harrow Ammit
64%
Layla’s suit Scarlet Scarab
50%
Hippo Egyptian goddess of childbirth Taweret
45%
Steven’s fish Gus
37%
Marc’s brother Randall Spector
29%
Marc’s mother Wendy Spector
28%
Steven’s boss Donna
24%
Marc’s father Elias Spector
24%
Layla’s father Abdallah El-Faouly
16%
Police officer working for Harrow Billy Fitzgerald
11%
Police officer working for Harrow Bobbi Kennedy
11%
Layla’s old friend Anton Mogart
10%
Hathor’s avatar Yatzil
10%
No matching quizzes found
Score Distribution
Percent of People with Each Score
Percentile by Number Answered
Your Score History
You have not taken this quiz since the last reset